[Event "Chinese League (Division A) 2015"]
[Site "China CHN"]
[Date "2015.06.05"]
[Round "6"]
[White "Wei, Yi"]
[Black "Wan, Yunguo"]
[Result "1-0"]
[WhiteElo "2706"]
[BlackElo "2477"]
[PlyCount "127"]
[EventDate "2015.04.10"]
[WhiteTeam "Jiangsu"]
[BlackTeam "Heibei"]

1. Nf3 Nf6 2. g3 g6 3. b3 Bg7 4. Bb2 O-O 5. Bg2 d6 6. d4 e5 7. dxe5 Ng4 8. h3
Nxe5 9. Nxe5 Bxe5 10. Bxe5 dxe5 11. Qxd8 Rxd8 12. Nd2 Nd7 13. O-O-O Re8 14. g4
Kg7 15. a4 Rb8 16. Nc4 e4 17. Rd4 Nc5 18. Rhd1 b6 19. e3 Bb7 20. a5 Ne6 21. Rd7
Bc8 22. R7d5 Bb7 23. Rd7 Bc8 24. R7d2 Bb7 25. Kb2 Rbd8 26. Kc3 f5 27. Rd7+ Kf6
28. axb6 axb6 29. Nd6 Rxd7 30. Nxe8+ Ke7 31. Rxd7+ Kxd7 32. Nf6+ Ke7 33. Nxh7
fxg4 34. hxg4 c5 35. Bf1 Nc7 36. g5 b5 37. Kd2 Bc6 38. Bh3 Ne8 39. Bf1 Bd7 40.
Bg2 Bc6 41. Kc3 Nc7 42. Nf6 Nd5+ 43. Nxd5+ Bxd5 44. b4 Kd6 45. Bf1 Bc6 46. Be2
Bd7 47. f3 exf3 48. Bxf3 cxb4+ 49. Kxb4 Ke5 50. Bg2 Bf5 51. c3 Bd3 52. Bc6 Kf5
53. Bxb5 Bc2 54. c4 Kxg5 55. c5 Kf6 56. c6 Bf5 57. Kc5 Ke5 58. c7 g5 59. Bc6 g4
60. Kb6 Bc8 61. Ka7 Kd6 62. Kb8 Be6 63. Bg2 Kc5 64. c8=Q+ 1-0

[Event "Chinese League (Division A) 2015"]
[Site "China CHN"]
[Date "2015.06.05"]
[Round "6"]
[White "Lysyj, Igor"]
[Black "Wang, Hao"]
[Result "1/2-1/2"]
[WhiteElo "2691"]
[BlackElo "2713"]
[PlyCount "88"]
[EventDate "2015.04.10"]
[WhiteTeam "Hangzhou"]
[BlackTeam "Beijing"]

1. d4 Nf6 2. c4 e6 3. Nc3 d5 4. cxd5 exd5 5. Bg5 c6 6. Qc2 Na6 7. a3 Nc7 8. e3
Be7 9. Nf3 Bg4 10. Ne5 Bh5 11. Bd3 Bg6 12. O-O Bxd3 13. Nxd3 Ne6 14. Bh4 O-O
15. b4 a6 16. Nc5 b6 17. Nd3 Nd7 18. Bxe7 Qxe7 19. a4 b5 20. Ne2 Rfc8 21. a5
Ng5 22. Nec1 h5 23. Nb3 g6 24. Rae1 Qd6 25. f3 Re8 26. Qf2 Re7 27. Qh4 Ne6 28.
Re2 Rae8 29. Rfe1 Ng7 30. Qf4 Qxf4 31. Nxf4 Nf5 32. Kf2 Nd6 33. Nd3 f5 34. Nbc5
Nxc5 35. Nxc5 Ra8 36. h4 Kg7 37. Kg3 Raa7 38. Kf2 Rf7 39. Rc1 Kf6 40. Rc3 Rfe7
41. Kg3 Kg7 42. Kf2 Kf6 43. g3 Kg7 44. Ke1 Ra8 1/2-1/2

[Event "Chinese League (Division A) 2015"]
[Site "China CHN"]
[Date "2015.06.05"]
[Round "6"]
[White "Wen, Yang"]
[Black "Ni, Hua"]
[Result "1/2-1/2"]
[WhiteElo "2573"]
[BlackElo "2704"]
[PlyCount "55"]
[EventDate "2015.04.10"]
[WhiteTeam "Shandong"]
[BlackTeam "Shanghai"]

1. d4 Nf6 2. c4 e6 3. g3 d5 4. Bg2 Bb4+ 5. Bd2 Be7 6. Nf3 O-O 7. O-O c6 8. Qc2
Nbd7 9. Rd1 b6 10. Bf4 Bb7 11. Nc3 dxc4 12. Nd2 Nd5 13. Nxc4 Nxf4 14. gxf4 Qc7
15. e3 Rad8 16. Rac1 c5 17. d5 exd5 18. Nxd5 Bxd5 19. Rxd5 b5 20. Ne5 Nxe5 21.
Rxe5 Bd6 22. Rd5 Be7 23. Re5 Bd6 24. Rd5 Be7 25. Re5 Bd6 26. Rd5 Be7 27. Re5
Bd6 28. Rd5 1/2-1/2

[Event "Top 12 (French League) 2015"]
[Site "Montpellier FRA"]
[Date "2015.06.06"]
[Round "8"]
[White "Demuth, Adrien"]
[Black "So, Wesley"]
[Result "0-1"]
[WhiteElo "2515"]
[BlackElo "2778"]
[PlyCount "80"]
[EventDate "2015.05.30"]
[WhiteTeam "POITIERS-MIGNE"]
[BlackTeam "CLICHY-ECHECS-92"]

1. Nf3 d5 2. c4 d4 3. b4 f6 4. e3 e5 5. c5 a5 6. Qa4+ Nc6 7. b5 Nb4 8. a3 Nd5
9. exd4 exd4 10. Qxd4 Qe7+ 11. Be2 Qxc5 12. O-O Qxd4 13. Nxd4 Bc5 14. Bb2 Nge7
15. Bc4 Bd7 16. Re1 Nb6 17. Bb3 O-O-O 18. Ne6 Bxe6 19. Bxe6+ Kb8 20. Bc3 Bd4
21. Ra2 Bxc3 22. dxc3 Ng6 23. Kf1 Nf4 24. g3 Nxe6 25. Rxe6 Rd5 26. a4 Rd1+ 27.
Re1 Rxe1+ 28. Kxe1 Re8+ 29. Kd2 Re4 30. Kd3 Rxa4 31. Re2 Ra1 32. Nd2 a4 33. c4
Rc1 34. Kd4 a3 35. c5 a2 36. Nb3 Rc4+ 37. Kd3 Rxc5 38. Rxa2 Rxb5 39. Nd4 Rd5
40. Kc3 Re5 0-1

[Event "Top 12 (French League) 2015"]
[Site "Montpellier FRA"]
[Date "2015.06.06"]
[Round "8"]
[White "Fressinet, Laurent"]
[Black "Tranchant, Sebastien"]
[Result "1-0"]
[WhiteElo "2712"]
[BlackElo "2275"]
[PlyCount "33"]
[EventDate "2015.05.30"]
[WhiteTeam "CLICHY-ECHECS-92"]
[BlackTeam "POITIERS-MIGNE"]

1. e4 c5 2. Nf3 g6 3. c3 d5 4. exd5 Qxd5 5. d4 Bg7 6. Na3 cxd4 7. Nb5 Na6 8.
Nbxd4 Nf6 9. Bb5+ Bd7 10. Qe2 Bxb5 11. Nxb5 O-O 12. O-O b6 13. Re1 Rfe8 14. Bf4
Qb7 15. Rad1 Rad8 16. Bg3 Kf8 17. Rxd8 1-0

[Event "Top 12 (French League) 2015"]
[Site "Montpellier FRA"]
[Date "2015.06.06"]
[Round "8"]
[White "Giri, Anish"]
[Black "Navara, David"]
[Result "1/2-1/2"]
[WhiteElo "2776"]
[BlackElo "2751"]
[PlyCount "73"]
[EventDate "2015.05.30"]
[WhiteTeam "BISCHWILLER"]
[BlackTeam "MULHOUSE PHILIDOR"]

1. Nf3 d5 2. g3 c6 3. c4 Nf6 4. Bg2 Bg4 5. Ne5 Be6 6. O-O Nbd7 7. cxd5 Bxd5 8.
Nf3 c5 9. Nc3 Bc6 10. d3 g6 11. Qb3 Qb6 12. Nd2 Bxg2 13. Qxb6 Nxb6 14. Kxg2 Bg7
15. a4 Nbd5 16. Nde4 Nxc3 17. Nxc3 Kd7 18. Be3 Rhc8 19. a5 Ng4 20. Bd2 Ne5 21.
Na4 Ke8 22. Bc3 Kf8 23. Bxe5 Bxe5 24. Rfc1 Bd6 25. Rc4 Rc6 26. Ra3 b5 27. axb6
axb6 28. Rb3 Bc7 29. d4 Ra5 30. Nc3 Bd8 31. e4 e6 32. Rb5 Rxb5 33. Nxb5 Rc8 34.
Na7 Rc7 35. Nb5 Rd7 36. dxc5 bxc5 37. Rxc5 1/2-1/2

[Event "Top 12 (French League) 2015"]
[Site "Montpellier FRA"]
[Date "2015.06.06"]
[Round "8"]
[White "Edouard, Romain"]
[Black "Wojtaszek, Radoslaw"]
[Result "1/2-1/2"]
[WhiteElo "2627"]
[BlackElo "2746"]
[PlyCount "29"]
[EventDate "2015.05.30"]
[WhiteTeam "BISCHWILLER"]
[BlackTeam "MULHOUSE PHILIDOR"]

1. d4 Nf6 2. c4 e6 3. Nc3 Bb4 4. Nf3 d5 5. Bg5 h6 6. Bxf6 Qxf6 7. e3 O-O 8. Rc1
dxc4 9. Bxc4 c5 10. O-O cxd4 11. Nxd4 Bd7 12. Qb3 Nc6 13. Nxc6 Bxc3 14. Rxc3
Bxc6 15. Bb5 1/2-1/2

[Event "Top 12 (French League) 2015"]
[Site "Montpellier FRA"]
[Date "2015.06.06"]
[Round "8"]
[White "Sokolov, Andrei1"]
[Black "Naiditsch, Arkadij"]
[Result "1-0"]
[WhiteElo "2520"]
[BlackElo "2720"]
[PlyCount "79"]
[EventDate "2015.05.30"]
[WhiteTeam "MULHOUSE PHILIDOR"]
[BlackTeam "BISCHWILLER"]

1. e4 e5 2. Nf3 d6 3. d4 exd4 4. Nxd4 Nf6 5. Nc3 Be7 6. Be2 O-O 7. O-O Re8 8.
f4 Bf8 9. Bf3 c5 10. Nde2 Nc6 11. f5 Ne5 12. Nf4 Bd7 13. Nfd5 Nxd5 14. Nxd5 Bc6
15. Bf4 b5 16. b3 a5 17. Qd2 a4 18. Rad1 Ra7 19. Qf2 axb3 20. axb3 Ra2 21. Nc3
Ra3 22. Nd5 Kh8 23. Bh5 Qd7 24. h3 Qa7 25. Kh2 b4 26. Qh4 Ra2 27. Rd2 Bxd5 28.
Rxd5 Nc6 29. Bxd6 Bxd6+ 30. Rxd6 Qc7 31. Qg3 Nd4 32. e5 Rxc2 33. e6 Rc3 34.
exf7 Rf8 35. Qe5 Rxb3 36. f6 g6 37. Qe7 Qb8 38. Re1 Ra3 39. Qxf8+ Qxf8 40. Rd8
1-0

[Event "Top 12 (French League) 2015"]
[Site "Montpellier FRA"]
[Date "2015.06.06"]
[Round "8"]
[White "Bacrot, Etienne"]
[Black "Riff, Jean-Noel"]
[Result "1-0"]
[WhiteElo "2704"]
[BlackElo "2488"]
[PlyCount "63"]
[EventDate "2015.05.30"]
[WhiteTeam "BISCHWILLER"]
[BlackTeam "MULHOUSE PHILIDOR"]

1. d4 Nf6 2. c4 e6 3. Nf3 Bb4+ 4. Bd2 a5 5. Nc3 O-O 6. e3 d6 7. Qc2 Re8 8. a3
Bxc3 9. Bxc3 Nbd7 10. Be2 e5 11. O-O e4 12. Nd2 Nf8 13. b4 axb4 14. axb4 Bf5
15. Rxa8 Qxa8 16. Ra1 Qc8 17. d5 N6d7 18. c5 Qd8 19. cxd6 cxd6 20. Nc4 Nb6 21.
Nxb6 Qxb6 22. Qb2 f6 23. Bd4 Qc7 24. Rc1 Qd7 25. b5 Rc8 26. Rxc8 Qxc8 27. Qa3
Qb8 28. b6 Kf7 29. h3 Ke7 30. Qa7 Nd7 31. Bb5 Qc8 32. Bc6 1-0

[Event "Chinese League (Division A) 2015"]
[Site "China CHN"]
[Date "2015.06.06"]
[Round "7"]
[White "Ni, Hua"]
[Black "Ivanchuk, Vassily"]
[Result "1/2-1/2"]
[WhiteElo "2704"]
[BlackElo "2733"]
[PlyCount "121"]
[EventDate "2015.04.10"]
[WhiteTeam "Shanghai"]
[BlackTeam "Qingdao"]

1. d4 Nf6 2. c4 g6 3. Nc3 d5 4. cxd5 Nxd5 5. g3 Bg7 6. Bg2 Nxc3 7. bxc3 c5 8.
Nf3 Nc6 9. Be3 O-O 10. O-O Qc7 11. dxc5 Bxc3 12. Rc1 Bg7 13. Qa4 Bd7 14. Qh4
Rad8 15. Ng5 h6 16. Nf3 g5 17. Qe4 Bc8 18. h3 Qa5 19. Rc2 Be6 20. Bd2 Qa3 21.
h4 Bd5 22. Qe3 Qa4 23. Rcc1 g4 24. Ne1 Qxa2 25. Bc3 e5 26. Nd3 Bxg2 27. Kxg2
Rd7 28. Kh2 Qe6 29. Nb4 Ne7 30. Qe4 f5 31. Qc2 Rc8 32. Nd3 Nc6 33. Rb1 Rcd8 34.
Rb3 f4 35. gxf4 Qf5 36. Qa2 Kh7 37. fxe5 g3+ 38. Kg2 gxf2 39. Rxf2 Qe4+ 40. Rf3
Rxd3 41. exd3 Rxd3 42. Qf2 Rxf3 43. Qxf3 Qc2+ 44. Bd2 Qxd2+ 45. Kh3 Qd7+ 46.
Qg4 Nxe5 47. Qxd7 Nxd7 48. Rxb7 Nxc5 49. Rxa7 Ne4 50. Kg4 Kg6 51. h5+ Kh7 52.
Ra6 Ng5 53. Kf5 Bh8 54. Ra7+ Bg7 55. Rd7 Nf3 56. Ke4 Ng5+ 57. Kf5 Ne4 58. Kg4
Ng5 59. Kf5 Nf3 60. Ke4 Ng5+ 61. Kf5 1/2-1/2

[Event "Chinese League (Division A) 2015"]
[Site "China CHN"]
[Date "2015.06.06"]
[Round "7"]
[White "Yu, Yangyi"]
[Black "Wen, Yang"]
[Result "1-0"]
[WhiteElo "2724"]
[BlackElo "2573"]
[PlyCount "207"]
[EventDate "2015.04.10"]
[WhiteTeam "Beijing"]
[BlackTeam "Shandong"]

1. Nf3 f5 2. g3 Nf6 3. Bg2 e6 4. c4 c6 5. O-O d5 6. d3 Be7 7. b3 O-O 8. Bb2 Bd6
9. Nbd2 f4 10. gxf4 Bxf4 11. e3 Bd6 12. Ne5 Bd7 13. f4 Be8 14. Bh3 Qe7 15. Ndf3
Bh5 16. Qe1 Bxf3 17. Rxf3 Nfd7 18. d4 Na6 19. Qe2 Nf6 20. Nd3 Rae8 21. Kh1 Nb8
22. Rg1 Nbd7 23. Nf2 Rf7 24. Rfg3 Nf8 25. Ng4 Ng6 26. Nxf6+ Rxf6 27. Qh5 Ref8
28. Bf1 Rf5 29. Qh3 R8f7 30. Bd3 Nh4 31. Rg5 Rxg5 32. Bxh7+ Kxh7 33. Qxh4+ Kg8
34. Qxg5 Rf6 35. Qh5 Rf5 36. Qh6 Rf6 37. Qh3 Qf7 38. Bc3 Rf5 39. Be1 Rh5 40.
Qg4 Kh7 41. Bh4 c5 42. Bg5 b6 43. Qf3 g6 44. Qg4 Bf8 45. Rd1 Bg7 46. dxc5 bxc5
47. Qg2 Qf5 48. cxd5 exd5 49. Qxd5 Qh3 50. Qg2 Qxe3 51. h4 Bd4 52. f5 Rxg5 53.
hxg5 gxf5 54. g6+ Kg7 55. Rf1 Be5 56. Qb7+ Kxg6 57. Qc6+ Bf6 58. Qf3 Qh6+ 59.
Kg2 Qd2+ 60. Rf2 Qd7 61. Re2 Bd4 62. Qa8 Kg5 63. Kf3 Bg7 64. Kg2 Bd4 65. Qg8+
Bg7 66. Qe6 Qb7+ 67. Kh2 Qb8+ 68. Kh1 Qb7+ 69. Rg2+ Kf4 70. Qd6+ Be5 71. Qd2+
Kf3 72. Qd3+ Kf4 73. Qd2+ Kf3 74. Kg1 Bd4+ 75. Kf1 Qh7 76. Rh2 Qg7 77. Qe2+ Kf4
78. Rh4+ Kg5 79. Qh5+ Kf6 80. Qh6+ Qxh6 81. Rxh6+ Ke5 82. Ra6 Ke4 83. Rxa7 c4
84. Re7+ Kd3 85. bxc4 Kxc4 86. Rb7 Kc5 87. Rf7 Kc6 88. Ke2 Bb6 89. Kd3 f4 90.
Rxf4 Kb7 91. Kc4 Ba7 92. Kb5 Ka8 93. Rf7 Bb8 94. Kb6 Bh2 95. Ra7+ Kb8 96. Rg7
Ka8 97. a4 Be5 98. Ra7+ Kb8 99. Rd7 Ka8 100. a5 Bb8 101. a6 Bh2 102. Ra7+ Kb8
103. Rg7 Ka8 104. a7 1-0

[Event "Chinese League (Division A) 2015"]
[Site "China CHN"]
[Date "2015.06.06"]
[Round "7"]
[White "Xu, Xiangyu  CHN"]
[Black "Wei, Yi"]
[Result "0-1"]
[WhiteElo "2243"]
[BlackElo "2706"]
[PlyCount "100"]
[EventDate "2015.04.10"]
[WhiteTeam "Chengdu"]
[BlackTeam "Jiangsu"]

1. e4 e5 2. Nf3 Nc6 3. Nc3 Nf6 4. d4 Bb4 5. Nxe5 Qe7 6. Nxc6 Qxe4+ 7. Qe2 dxc6
8. Bd2 Qxe2+ 9. Bxe2 Bf5 10. O-O-O O-O-O 11. Bg5 Rhe8 12. Bc4 Rd7 13. Bxf6 gxf6
14. Bd3 Bg6 15. h4 h5 16. f3 Rg8 17. Ne4 Be7 18. c3 f5 19. Ng3 Rd5 20. Ne2 Bd6
21. Bc4 Ra5 22. b4 Ra4 23. Bb3 Ra6 24. g3 Re8 25. Kd2 Ra3 26. Nf4 a5 27. bxa5
Rxa5 28. Nxg6 fxg6 29. f4 c5 30. Rhe1 Rxe1 31. Rxe1 cxd4 32. Re6 dxc3+ 33. Kxc3
Ra6 34. Kd3 b5 35. Rxg6 c5 36. Be6+ Kc7 37. Kc2 c4 38. Kb1 Ra3 39. Bxf5 Re3 40.
g4 hxg4 41. Rxg4 Rf3 42. Be6 Rf2 43. f5 c3 44. Bb3 Bf4 45. f6 Rb2+ 46. Ka1 Be5
47. Rg5 Bxf6 48. Rf5 Bh8 49. Rh5 Bd4 50. Rd5 Rxb3 0-1

[Event "Chinese League (Division A) 2015"]
[Site "China CHN"]
[Date "2015.06.06"]
[Round "7"]
[White "Wang, Yue"]
[Black "Zeng, Chongsheng"]
[Result "1/2-1/2"]
[WhiteElo "2726"]
[BlackElo "2541"]
[PlyCount "61"]
[EventDate "2015.04.10"]
[WhiteTeam "Tianjing"]
[BlackTeam "Guangdong"]

1. Nf3 Nf6 2. c4 g6 3. Nc3 d5 4. cxd5 Nxd5 5. h4 h6 6. d3 Bg7 7. Bd2 c5 8. g3
Nc6 9. Bg2 e6 10. O-O b6 11. Nxd5 exd5 12. Bc3 O-O 13. Bxg7 Kxg7 14. d4 c4 15.
b3 cxb3 16. Qxb3 Qd6 17. Rfc1 Bf5 18. e3 Be4 19. Qd1 Na5 20. Bf1 Nc4 21. Bxc4
dxc4 22. Nd2 Bb7 23. Rxc4 Rfe8 24. Qg4 Rac8 25. Rac1 Rxc4 26. Rxc4 Qd5 27. e4
Qa5 28. Rc7 Rxe4 29. Nxe4 Qe1+ 30. Kh2 Bxe4 31. Rxf7+ 1/2-1/2

[Event "Top 12 (French League) 2015"]
[Site "Montpellier FRA"]
[Date "2015.06.08"]
[Round "10"]
[White "Giri, Anish"]
[Black "Nataf, Igor-Alexandre"]
[Result "1-0"]
[WhiteElo "2776"]
[BlackElo "2534"]
[PlyCount "67"]
[EventDate "2015.05.30"]
[WhiteTeam "BISCHWILLER"]
[BlackTeam "C.E. STRASBOURG"]

1. Nf3 Nf6 2. c4 g6 3. g3 Bg7 4. Bg2 c6 5. b3 O-O 6. Bb2 d6 7. d4 Qa5+ 8. Qd2
Qxd2+ 9. Nfxd2 d5 10. Nc3 Rd8 11. e3 Na6 12. O-O Be6 13. Rfd1 Rac8 14. a3 b6
15. Rac1 Nb8 16. Ba1 Bg4 17. Re1 Be6 18. Ne2 Bf5 19. Nc3 Be6 20. h3 h5 21. Red1
Kf8 22. Bf1 c5 23. dxc5 Rxc5 24. Nf3 Rdc8 25. Na4 R5c7 26. Be5 Rb7 27. Nd4 Bd7
28. Nc3 e6 29. Bg2 Nc6 30. Bd6+ Kg8 31. cxd5 Nxd4 32. exd4 Ne8 33. dxe6 Nxd6
34. Bxb7 1-0

[Event "Top 12 (French League) 2015"]
[Site "Montpellier FRA"]
[Date "2015.06.08"]
[Round "10"]
[White "Naiditsch, Arkadij"]
[Black "Sebag, Marie"]
[Result "0-1"]
[WhiteElo "2720"]
[BlackElo "2483"]
[PlyCount "140"]
[EventDate "2015.05.30"]
[WhiteTeam "BISCHWILLER"]
[BlackTeam "C.E. STRASBOURG"]

1. e4 c5 2. Nf3 d6 3. d4 cxd4 4. Nxd4 Nf6 5. Nc3 a6 6. g3 g6 7. Bg2 Bg7 8. O-O
O-O 9. h3 Nc6 10. Be3 Bd7 11. Nce2 Rc8 12. Qd2 Qc7 13. c3 Na5 14. Bg5 Nc4 15.
Qc1 b5 16. g4 e5 17. Nc2 Bc6 18. Ng3 Qb7 19. Re1 d5 20. Nb4 Nxe4 21. Nxe4 dxe4
22. Nxc6 Qxc6 23. Bxe4 Qc5 24. Qc2 Rce8 25. Rad1 f5 26. Bd5+ Kh8 27. b3 Nd6 28.
Be3 Qc8 29. Bg2 Nf7 30. Rd5 e4 31. Rc5 Qe6 32. Bd4 Ne5 33. Re3 Qd6 34. Qd2 Nd3
35. Rxd3 exd3 36. Rd5 Qe6 37. Qxd3 fxg4 38. Bxg7+ Kxg7 39. Qd4+ Qf6 40. Rd7+
Rf7 41. Rxf7+ Kxf7 42. Qxg4 Re1+ 43. Bf1 Qxc3 44. a4 Qxb3 45. Qf4+ Ke6 46. Qg4+
Kd6 47. Qd4+ Kc6 48. axb5+ axb5 49. Qf6+ Qe6 50. Qc3+ Kb7 51. Qg7+ Kb6 52. Qd4+
Kb7 53. Qg7+ Qe7 54. Qxe7+ Rxe7 55. Bxb5 Kb6 56. Bf1 Kc5 57. Kg2 Re1 58. h4 Kd4
59. Bb5 Ke4 60. Bc6+ Kf4 61. Bf3 Re7 62. Bd1 Re5 63. h5 g5 64. Bc2 h6 65. Bg6
g4 66. Bf7 Rb5 67. Be8 Ra5 68. Bf7 Re5 69. Bg6 Re2 70. Bd3 Rd2 0-1

[Event "Top 12 (French League) 2015"]
[Site "Montpellier FRA"]
[Date "2015.06.08"]
[Round "10"]
[White "Feller, Sebastien"]
[Black "Vachier-Lagrave, Maxime"]
[Result "1/2-1/2"]
[WhiteElo "2626"]
[BlackElo "2754"]
[PlyCount "51"]
[EventDate "2015.05.30"]
[WhiteTeam "EVRY GRAND ROQUE"]
[BlackTeam "CLICHY-ECHECS-92"]

1. Nf3 Nf6 2. g3 g6 3. b3 Bg7 4. Bb2 b6 5. Bg2 Bb7 6. O-O O-O 7. c4 c5 8. Nc3
d5 9. Nxd5 Nxd5 10. Bxg7 Kxg7 11. cxd5 Qxd5 12. d4 cxd4 13. Qxd4+ Qxd4 14. Nxd4
Bxg2 15. Kxg2 a5 16. Rac1 Na6 17. Rc6 Rfd8 18. Nf3 Rab8 19. a3 Rb7 20. Rfc1 Nc5
21. b4 axb4 22. axb4 Ne6 23. b5 Nd4 24. Nxd4 Rxd4 25. Rb1 Rd2 26. Kf3 1/2-1/2

[Event "Top 12 (French League) 2015"]
[Site "Montpellier FRA"]
[Date "2015.06.08"]
[Round "10"]
[White "Fressinet, Laurent"]
[Black "Fargere, Francois"]
[Result "1-0"]
[WhiteElo "2712"]
[BlackElo "2418"]
[PlyCount "71"]
[EventDate "2015.05.30"]
[WhiteTeam "CLICHY-ECHECS-92"]
[BlackTeam "EVRY GRAND ROQUE"]

1. Nf3 Nf6 2. c4 c6 3. g3 g6 4. Bg2 Bg7 5. O-O O-O 6. b3 d5 7. Bb2 Bg4 8. d4 a5
9. cxd5 cxd5 10. Ne5 Bf5 11. Nc3 Ne4 12. Na4 Nd7 13. Rc1 Rc8 14. Rxc8 Qxc8 15.
f3 Nd6 16. Qd2 Qd8 17. Rc1 Be6 18. Nd3 f6 19. e4 Bf7 20. e5 Nf5 21. f4 Nb8 22.
Ndc5 b6 23. e6 bxc5 24. exf7+ Rxf7 25. Nxc5 h5 26. Qd3 Kh7 27. Qf3 e5 28. Qxd5
Qxd5 29. Bxd5 Rc7 30. dxe5 fxe5 31. Ne6 Rxc1+ 32. Bxc1 Ne7 33. Be4 Bf6 34. Bd2
exf4 35. Nxf4 Nbc6 36. Nxg6 1-0

[Event "Top 12 (French League) 2015"]
[Site "Montpellier FRA"]
[Date "2015.06.08"]
[Round "10"]
[White "Demuth, Adrien"]
[Black "Navara, David"]
[Result "1-0"]
[WhiteElo "2515"]
[BlackElo "2751"]
[PlyCount "99"]
[EventDate "2015.05.30"]
[WhiteTeam "POITIERS-MIGNE"]
[BlackTeam "MULHOUSE PHILIDOR"]

1. d4 Nf6 2. c4 e6 3. Nc3 Bb4 4. e3 O-O 5. Bd3 d5 6. Nf3 b6 7. O-O Bb7 8. cxd5
exd5 9. a3 Bd6 10. b4 a6 11. Qb3 Qe7 12. Rb1 Nbd7 13. a4 Rfe8 14. b5 axb5 15.
axb5 Ne4 16. Nxd5 Bxd5 17. Qxd5 Nc3 18. Qb3 Nxb1 19. Bxb1 Nf6 20. e4 Nxe4 21.
Re1 Qe6 22. Qxe6 Rxe6 23. Bxe4 Ra1 24. Ng5 Re7 25. Bxh7+ Kh8 26. Rf1 g6 27. h4
Kg7 28. d5 Rb1 29. h5 Rxb5 30. hxg6 fxg6 31. f4 Rxd5 32. Bb2+ Kh6 33. Bg8 Rf5
34. Ne6 Re8 35. g4 Rxg8 36. gxf5 gxf5+ 37. Kf2 Re8 38. Re1 Kg6 39. Kf3 Ra8 40.
Rg1+ Kf7 41. Nxc7 Ra2 42. Rg7+ Kf8 43. Rd7 Rxb2 44. Rxd6 Rb3+ 45. Ke2 Ke7 46.
Rd5 Rb4 47. Rxf5 Rc4 48. Nb5 Ke6 49. Re5+ Kf6 50. Ke3 1-0

[Event "Top 12 (French League) 2015"]
[Site "Montpellier FRA"]
[Date "2015.06.08"]
[Round "10"]
[White "Wojtaszek, Radoslaw"]
[Black "Saada, Julien"]
[Result "1-0"]
[WhiteElo "2746"]
[BlackElo "2296"]
[PlyCount "67"]
[EventDate "2015.05.30"]
[WhiteTeam "MULHOUSE PHILIDOR"]
[BlackTeam "POITIERS-MIGNE"]

1. c4 e6 2. Nc3 d5 3. d4 Nf6 4. Bg5 c6 5. e3 Nbd7 6. cxd5 exd5 7. Bd3 Be7 8.
Nge2 O-O 9. Qc2 h6 10. Bh4 Re8 11. f3 c5 12. O-O c4 13. Bf5 Nb6 14. Bxc8 Rxc8
15. h3 Nh5 16. Bf2 Bh4 17. e4 dxe4 18. fxe4 Rc6 19. e5 Bxf2+ 20. Rxf2 Rg6 21.
Qf5 Ng3 22. Qxf7+ Kh7 23. Nf4 Rg5 24. Ne6 Rxe6 25. Qxe6 Qxd4 26. Qd6 Qe3 27.
Qd2 Qxe5 28. Re1 Qc5 29. Kh2 Qc7 30. Qf4 Qc6 31. Rf3 Nf5 32. Ne4 Nd4 33. Nxg5+
hxg5 34. Qxd4 1-0

[Event "Top 12 (French League) 2015"]
[Site "Montpellier FRA"]
[Date "2015.06.09"]
[Round "11"]
[White "Navara, David"]
[Black "So, Wesley"]
[Result "1/2-1/2"]
[WhiteElo "2751"]
[BlackElo "2778"]
[PlyCount "54"]
[EventDate "2015.05.30"]
[WhiteTeam "MULHOUSE PHILIDOR"]
[BlackTeam "CLICHY-ECHECS-92"]

1. Nf3 d5 2. d4 Nf6 3. c4 e6 4. Nc3 c6 5. e3 Nbd7 6. Qc2 Bd6 7. Bd3 O-O 8. O-O
e5 9. cxd5 cxd5 10. e4 exd4 11. Nxd5 Nxd5 12. exd5 h6 13. b3 Nf6 14. Bb2 Nxd5
15. Qc4 Nb4 16. Rad1 Nxd3 17. Rxd3 Be7 18. Nxd4 Qb6 19. Nb5 Be6 20. Qd4 Qxd4
21. Bxd4 Rfc8 22. Bxa7 Rc2 23. Be3 Bf5 24. Rd5 Be6 25. Rd3 Bf5 26. Rd5 Be6 27.
Rdd1 Bg4 1/2-1/2

[Event "Top 12 (French League) 2015"]
[Site "Montpellier FRA"]
[Date "2015.06.09"]
[Round "11"]
[White "Matlakov, Maxim"]
[Black "Wojtaszek, Radoslaw"]
[Result "1/2-1/2"]
[WhiteElo "2694"]
[BlackElo "2746"]
[PlyCount "50"]
[EventDate "2015.05.30"]
[WhiteTeam "CLICHY-ECHECS-92"]
[BlackTeam "MULHOUSE PHILIDOR"]

1. d4 Nf6 2. c4 e6 3. Nf3 d5 4. Nc3 Bb4 5. Bg5 h6 6. Bxf6 Qxf6 7. e3 O-O 8. Rc1
dxc4 9. Bxc4 c5 10. O-O cxd4 11. Ne4 Qe7 12. Nxd4 Bd7 13. Bd3 Nc6 14. Nb3 Na5
15. Rc7 Rfd8 16. Nbc5 f5 17. a3 fxe4 18. axb4 exd3 19. Qxd3 Bb5 20. Rxe7 Bxd3
21. bxa5 Bxf1 22. Kxf1 Rd1+ 23. Ke2 Rad8 24. Rxb7 R1d2+ 25. Ke1 Ra8 1/2-1/2

[Event "Top 12 (French League) 2015"]
[Site "Montpellier FRA"]
[Date "2015.06.09"]
[Round "11"]
[White "Gajewski, Grzegorz"]
[Black "Fressinet, Laurent"]
[Result "1/2-1/2"]
[WhiteElo "2648"]
[BlackElo "2712"]
[PlyCount "55"]
[EventDate "2015.05.30"]
[WhiteTeam "MULHOUSE PHILIDOR"]
[BlackTeam "CLICHY-ECHECS-92"]

1. c4 e6 2. g3 d5 3. Bg2 Nf6 4. Nf3 Be7 5. O-O O-O 6. d4 dxc4 7. Ne5 Nc6 8.
Bxc6 bxc6 9. Nxc6 Qe8 10. Nxe7+ Qxe7 11. Na3 Rd8 12. Qc2 Ba6 13. Nxc4 c5 14.
dxc5 Qxc5 15. b3 Bxc4 16. Bb2 Rac8 17. Bxf6 gxf6 18. Rfc1 Qa5 19. bxc4 Rd2 20.
Qe4 Rxa2 21. Rxa2 Qxa2 22. c5 Qd2 23. Rc4 f5 24. Qe5 Qd5 25. Qc3 a5 26. Rd4
Rxc5 27. Rxd5 Rxc3 28. Rxa5 1/2-1/2

[Event "Top 12 (French League) 2015"]
[Site "Montpellier FRA"]
[Date "2015.06.09"]
[Round "11"]
[White "Bacrot, Etienne"]
[Black "Brochet, Philippe"]
[Result "1-0"]
[WhiteElo "2704"]
[BlackElo "2382"]
[PlyCount "105"]
[EventDate "2015.05.30"]
[WhiteTeam "BISCHWILLER"]
[BlackTeam "MONTPELLIER"]

1. c4 e5 2. Nc3 Nc6 3. Nf3 Bb4 4. Nd5 Be7 5. d3 d6 6. g3 Nf6 7. Bg2 O-O 8. a3
Be6 9. Ng5 Nxd5 10. Nxe6 fxe6 11. cxd5 exd5 12. Bxd5+ Kh8 13. Qa4 Qe8 14. e3
Nd8 15. Qxe8 Rxe8 16. b4 c6 17. Bg2 a6 18. Bd2 Bf6 19. Rc1 Ne6 20. Ke2 d5 21.
a4 Nc7 22. h4 h6 23. Rb1 Rad8 24. Rhc1 Rd7 25. Bh3 Rde7 26. Bf5 Ra8 27. Bg6 Re6
28. Bf5 Re7 29. Rc2 Kg8 30. Bc1 Ree8 31. Rb3 Be7 32. Bg6 Rf8 33. Bd2 Rf6 34. h5
Ne6 35. g4 Nc7 36. Rb1 Raf8 37. Bf5 Ne8 38. Bc3 Bd6 39. b5 axb5 40. axb5 c5 41.
b6 g6 42. hxg6 h5 43. f3 hxg4 44. fxg4 Ng7 45. e4 Ne6 46. Rh1 Nf4+ 47. Kd1 Nxg6
48. exd5 Nf4 49. Be4 Bb8 50. Rch2 Ng6 51. Bxg6 Rxg6 52. Rh8+ Kf7 53. Rf1+ 1-0

[Event "So - Navara (match) 2015"]
[Site "Prague CZE"]
[Date "2015.06.13"]
[Round "1"]
[White "Navara, D."]
[Black "So, W."]
[Result "1/2-1/2"]
[WhiteElo "2751"]
[BlackElo "2778"]
[PlyCount "188"]
[EventDate "2015.06.13"]

1. Nf3 c5 2. e4 d6 3. d4 cxd4 4. Nxd4 Nf6 5. Nc3 a6 6. h3 e5 7. Nb3 Be6 8. Be3
Be7 9. f4 exf4 10. Bxf4 Nc6 11. Qe2 Nd7 12. O-O-O Nce5 13. Kb1 O-O 14. g4 Rc8
15. Qe3 Re8 16. Nd4 Qa5 17. a3 Bf8 18. Nf5 Nb6 19. Qd4 Nec4 20. Bxc4 Nxc4 21.
Nxd6 Nxa3+ 22. bxa3 Rxc3 23. Qb4 Qxb4+ 24. axb4 Bxd6 25. Bxd6 Rec8 26. Rh2 Re3
27. Rd4 Rc4 28. Rxc4 Bxc4 29. e5 h6 30. Kc1 Kh7 31. Kd2 Rf3 32. Bc5 h5 33. gxh5
Rf5 34. Ke3 Rxh5 35. h4 Be6 36. Bd6 b6 37. Bc7 a5 38. Bxb6 Rxe5+ 39. Kd4 Rd5+
40. Kc3 axb4+ 41. Kxb4 Rh5 42. Bd8 Re5 43. Rf2 Re4+ 44. Kc3 Kh6 45. Kd3 Rc4 46.
Rf4 Rxf4 47. Bg5+ Kh5 48. Bxf4 Kxh4 49. Be5 g5 50. Bf6 Kh5 51. Ke4 Kg6 52. Be5
f6 53. Bc7 Kh5 54. Bd8 f5+ 55. Ke5 Bc8 56. Kf6 f4 57. c4 Kg4 58. Kg6 Bf5+ 59.
Kf6 Bd3 60. Bb6 Bxc4 61. Bc5 Bd3 62. Bb6 Kh4 63. Bf2+ Kh5 64. Bb6 Ba6 65. Bc5
Bc8 66. Bb6 Kg4 67. Bc5 Bd7 68. Bb6 Bf5 69. Bc5 Bc8 70. Bb6 f3 71. Be3 Bd7 72.
Kg6 Be8+ 73. Kf6 Bh5 74. Bb6 Bf7 75. Bc5 Bb3 76. Be3 Bd1 77. Kg6 Bc2+ 78. Kf6
Ba4 79. Kg6 Bd7 80. Kf6 Bf5 81. Ke5 Bc8 82. Kf6 Kh5 83. Bf2 Bd7 84. Be3 Bh3 85.
Bf2 Kg4 86. Be3 Bg2 87. Kg6 Bf1 88. Kf6 Bh3 89. Kg6 Bf1 90. Kf6 Bd3 91. Bb6 Bh7
92. Be3 Bf5 93. Ke5 Bc2 94. Kf6 Bd3 1/2-1/2